Hitom sú prírodné materiály

Trendy v oblasti interiérového vybavenia, pultov či regálov sa nezvyknú meniť z roka na rok. Hoci nejde o skokové zmeny, istý vývoj za posledných desať rokov predsa len vidieť. Jednak súvisí s rozmachom technológií, ktoré prenikajú aj do takých zdanlivo jednoduchých vecí, akými sú regály, ale taktie...

Ausführliche Beschreibung

Gespeichert in:
Bibliographische Detailangaben
1. Verfasser: Kapitán, Peter
Format: Buchkapitel
Sprache:Slowakisch
Schlagworte:
Tags: Tag hinzufügen
Keine Tags, Fügen Sie das erste Tag hinzu!

MARC

LEADER 00000naa a2200000 4500
001 0296922
005 20240417075252.5
041 0 |a slo 
044 |a CZ 
245 1 0 |a Hitom sú prírodné materiály  |c Peter Kapitán 
520 |a Trendy v oblasti interiérového vybavenia, pultov či regálov sa nezvyknú meniť z roka na rok. Hoci nejde o skokové zmeny, istý vývoj za posledných desať rokov predsa len vidieť. Jednak súvisí s rozmachom technológií, ktoré prenikajú aj do takých zdanlivo jednoduchých vecí, akými sú regály, ale taktiež s módnymi trendmi, ktoré určujú všeobecné preferencie spotrebiteľov. A nejde pritom len o dizajn, ale aj o udržateľnosť. 
610 2 0 |a vybavenosť pracoviska 
610 2 0 |a dizajn 
610 2 0 |a udržateľnosť 
610 2 0 |a materiály nové 
610 2 0 |a príroda 
610 2 0 |a estetika 
100 1 |a Kapitán, Peter